| 000 | 00660nam a2200205 a 4500 | ||
|---|---|---|---|
| 001 | 000041818 | ||
| 005 | 20201002035755.0 | ||
| 008 | 131018s1998 ck 000 0 spa d | ||
| 020 | _a9789580443803 | ||
| 040 |
_aDO-SdBNP _bspa _cBNPHU |
||
| 082 |
_axxxxx _bxxxxx |
||
| 100 | 1 |
_aAguierre, Sergio, _d1961- _968692 |
|
| 245 | 1 | 3 |
_aLa venganza de la vaca / _cSergio Aguierre. |
| 260 |
_aBogotá : _bNorma infantil-juvenil, _c1998. |
||
| 300 |
_a114 p. ; _c21 cm. |
||
| 490 | 1 | _aZona libre | |
| 500 | _aIncluye datos biográficos del autor en la solapa de la cubierta | ||
| 500 | _aLa biblioteca posee la 5ta reimpresión del 2005 | ||
| 830 | 0 |
_aZona libre _913266 |
|
| 999 |
_c41307 _d41307 |
||